Football : équipes de ligue 1 pour la saison 2025-2026 - Statistiques

Statistiques générales
  • Ce quiz a été pris 197 fois
  • Le résultat moyen est 16 sur 18
Statistiques - réponses
Club % Correct
PSG
100%
OM
99%
OL
98%
LOSC
95%
Stade Rennais
94%
AS Monaco
93%
RC Lens
93%
FC Nantes
91%
OGC Nice
91%
Strasbourg
91%
Paris FC
87%
Toulouse FC
86%
Stade Brestois
85%
FC Metz
81%
Angers SCO
79%
FC Lorient
79%
AJ Auxerre
77%
Le Havre
77%
Aucun quiz correspondant
Distribution des résultats
% des personnes avec chaque résultat
Percentile par nombre de réponses
Votre historique - résultats
Vous n’avez pas pris ce quiz